| 000 | 00592nam a22001937a 4500 | ||
|---|---|---|---|
| 999 |
_c192714 _d192714 |
||
| 005 | 20220930122908.0 | ||
| 010 | _aB-745743 | ||
| 020 |
_a9789390001149 _c125.00 |
||
| 035 | _aB-745743 | ||
| 037 | _bPharos Books | ||
| 082 | _a321.07 | ||
| 100 | _aMore, Thomas Sir | ||
| 245 |
_aUtopia/ _cSir Thomas More |
||
| 260 |
_a Delhi _bPharos Books _c2020 |
||
| 270 |
_aPlot No.-55, Main Mother Dairy Road, Pandav Nagar _b Delhi _e110092 |
||
| 300 |
_a111p. _c20cm(pbk) |
||
| 942 |
_2ddc _cEN _h321.07 _mMOR |
||